{"text_format":"3","workbook":"xlsx","n_sheets":1,"sheets":["Worksheet"],"read":"whole","date_system":"1900"}

{"sheet":"Worksheet","index":0,"n_rows":45,"n_cols":19,"rows_kept":45}
["№","Код участника","Название ОУ","СНИЛС","Фамилия","Имя","Отчество","Пол","Дата рождения","Участник с ОВЗ","Класс","Класс участия","Балл","Макс. балл","Статус","Призер МЭ прошлого года","Учитель","Место работы учителя","Предмет"]
[198839,"601187_16411797872_20","МБОУ \"Многопрофильный лицей №187\"",16411797872,"Шайхетдинов","Алим","Рамилевич","м","08.05.2009","нет",10,10,76,100,"победитель","Да","Файзуллина Альбина Маликовна","МБОУ \"Многопрофильный лицей №187\"","История"]
[198840,"601187_17249001958_20","МБОУ \"Многопрофильный лицей №187\"",17249001958,"Роденко","Артур","Алексеевич","м","18.07.2008","нет",11,11,52,100,"призер",null,"Файзуллина Альбина Маликовна","МБОУ \"Многопрофильный лицей №187\"","История"]
[198841,"601187_16079340471_20","МБОУ \"Многопрофильный лицей №187\"",16079340471,"Зарипов","Асгат","Айдарович","м","15.06.2008","нет",11,11,28,100,"участник",null,"Файзуллина Альбина Маликовна","МБОУ \"Многопрофильный лицей №187\"","История"]
[198842,"601187_16234345648_20","МБОУ \"Многопрофильный лицей №187\"",16234345648,"Исмагилов","Нияз","Ильфатович","м","23.10.2008","нет",11,11,74,100,"победитель","Да","Файзуллина Альбина Маликовна","МБОУ \"Многопрофильный лицей №187\"","История"]
[198843,"601187_17008213930_20","МБОУ \"Многопрофильный лицей №187\"",17008213930,"Ильина","Екатерина","Сергеевна","ж","29.07.2008","нет",11,11,55,100,"призер",null,"Файзуллина Альбина Маликовна","МБОУ \"Многопрофильный лицей №187\"","История"]
[198844,"601187_18693926238_20","МБОУ \"Многопрофильный лицей №187\"",18693926238,"Галиуллин","Амин","Ильясович","м","22.12.2014","нет",5,5,19,100,"участник",null,"Квитко Мария Владимировна","МБОУ \"Многопрофильный лицей №187\"","История"]
[198845,"601187_18315053550_20","МБОУ \"Многопрофильный лицей №187\"",18315053550,"Бакеев","Артём","Марсович","м","13.05.2014","нет",5,5,14,100,"участник",null,"Квитко Мария Владимировна","МБОУ \"Многопрофильный лицей №187\"","История"]
[198846,"601187_18327501769_20","МБОУ \"Многопрофильный лицей №187\"",18327501769,"Муравьёв","Егор","Игоревич","м","04.08.2014","нет",5,5,14,100,"участник",null,"Квитко Мария Владимировна","МБОУ \"Многопрофильный лицей №187\"","История"]
[198847,"601187_18577867350_20","МБОУ \"Многопрофильный лицей №187\"",18577867350,"Пелагеина","Арина","Артемовна","ж","17.10.2014","нет",5,5,14,100,"участник",null,"Белых Анастасия Андреевна","МБОУ \"Многопрофильный лицей №187\"","История"]
[198848,"601187_18097717914_20","МБОУ \"Многопрофильный лицей №187\"",18097717914,"Тазиев","Карим","Рустамович","м","07.04.2014","нет",5,5,14,100,"участник",null,"Белых Анастасия Андреевна","МБОУ \"Многопрофильный лицей №187\"","История"]
[198849,"601187_18153194568_20","МБОУ \"Многопрофильный лицей №187\"",18153194568,"Шайхетдинов","Раис","Рамилевич","м","15.05.2014","нет",5,5,27,100,"участник",null,"Белых Анастасия Андреевна","МБОУ \"Многопрофильный лицей №187\"","История"]
[198850,"601187_18557718220_20","МБОУ \"Многопрофильный лицей №187\"",18557718220,"Леонтьева","Софья","Денисовна","ж","06.11.2014","нет",5,5,18,100,"участник",null,"Белых Анастасия Андреевна","МБОУ \"Многопрофильный лицей №187\"","История"]
[198851,"601187_18540954090_20","МБОУ \"Многопрофильный лицей №187\"",18540954090,"Калинин","Роман","Михайлович","м","21.10.2014","нет",5,5,1,100,"участник",null,"Белых Анастасия Андреевна","МБОУ \"Многопрофильный лицей №187\"","История"]
[198852,"601187_18188449012_20","МБОУ \"Многопрофильный лицей №187\"",18188449012,"Котов","Марк","Павлович","м","03.06.2014","нет",5,5,20,100,"участник",null,"Белых Анастасия Андреевна","МБОУ \"Многопрофильный лицей №187\"","История"]
[198853,"601187_18141566159_20","МБОУ \"Многопрофильный лицей №187\"",18141566159,"Ишмуратов","Руслан","Ильясович","м","12.05.2014","нет",5,5,14,100,"участник",null,"Белых Анастасия Андреевна","МБОУ \"Многопрофильный лицей №187\"","История"]
[198854,"601187_18239858617_20","МБОУ \"Многопрофильный лицей №187\"",18239858617,"Надыров","Азат","Аделевич","м","08.07.2014","нет",5,5,23,100,"участник",null,"Белых Анастасия Андреевна","МБОУ \"Многопрофильный лицей №187\"","История"]
[198855,"601187_18040634138_20","МБОУ \"Многопрофильный лицей №187\"",18040634138,"Тагиров","Каюм","Айдарович","м","19.02.2014","нет",5,5,6,100,"участник",null,"Белых Анастасия Андреевна","МБОУ \"Многопрофильный лицей №187\"","История"]
[198856,"601187_18082470471_20","МБОУ \"Многопрофильный лицей №187\"",18082470471,"Амиров","Артур","Маратович","м","28.03.2014","нет",5,5,20,100,"участник",null,"Белых Анастасия Андреевна","МБОУ \"Многопрофильный лицей №187\"","История"]
[198857,"601187_18463777506_20","МБОУ \"Многопрофильный лицей №187\"",18463777506,"Насртдинов","Данияр","Динарович","м","22.09.2014","нет",5,5,17,100,"участник",null,"Белых Анастасия Андреевна","МБОУ \"Многопрофильный лицей №187\"","История"]
[198858,"601187_18082469991_20","МБОУ \"Многопрофильный лицей №187\"",18082469991,"Талипов","Мансур","Русланович","м","31.03.2014","нет",5,5,20,100,"участник",null,"Белых Анастасия Андреевна","МБОУ \"Многопрофильный лицей №187\"","История"]
[198859,"601187_17979185657_20","МБОУ \"Многопрофильный лицей №187\"",17979185657,"Харисов","Михаил","Игоревич","м","13.01.2014","нет",5,5,24,100,"участник",null,"Белых Анастасия Андреевна","МБОУ \"Многопрофильный лицей №187\"","История"]
[198860,"601187_1846509500_20","МБОУ \"Многопрофильный лицей №187\"",1846509500,"Воронина","Каролина","Антоновна","ж","22.09.2014","нет",5,5,12,100,"участник",null,"Белых Анастасия Андреевна","МБОУ \"Многопрофильный лицей №187\"","История"]
[198861,"601187_18041368552_20","МБОУ \"Многопрофильный лицей №187\"",18041368552,"Мазанова","Виктория","Евгеньевна","ж","22.01.2014","нет",5,5,17,100,"участник",null,"Белых Анастасия Андреевна","МБОУ \"Многопрофильный лицей №187\"","История"]
[198862,"601187_18541384585_20","МБОУ \"Многопрофильный лицей №187\"",18541384585,"Миначева","Алина","Руслановна","ж","18.10.2014","нет",5,5,11,100,"участник",null,"Белых Анастасия Андреевна","МБОУ \"Многопрофильный лицей №187\"","История"]
[198863,"601187_18372551789_20","МБОУ \"Многопрофильный лицей №187\"",18372551789,"Давлетшина","Алия","Рустамовна","ж","19.08.2014","нет",5,5,16,100,"участник",null,"Белых Анастасия Андреевна","МБОУ \"Многопрофильный лицей №187\"","История"]
[198864,"601187_17970963028_20","МБОУ \"Многопрофильный лицей №187\"",17970963028,"Яхина","Дарина","Артуровна","ж","06.01.2014","нет",5,5,6,100,"участник",null,"Белых Анастасия Андреевна","МБОУ \"Многопрофильный лицей №187\"","История"]
[198865,"601187_18083078274_20","МБОУ \"Многопрофильный лицей №187\"",18083078274,"Валиуллин","Радэль","Русланович","м","02.04.2014","нет",5,5,16,100,"участник",null,"Белых Анастасия Андреевна","МБОУ \"Многопрофильный лицей №187\"","История"]
[198866,"601187_17428705587_20","МБОУ \"Многопрофильный лицей №187\"",17428705587,"Темников","Артемий","Артемович","м","26.10.2012","нет",6,6,23,100,"участник",null,"Газизов Альберт Фаилович","МБОУ \"Многопрофильный лицей №187\"","История"]
[198867,"601187_17815109679_20","МБОУ \"Многопрофильный лицей №187\"",17815109679,"Минзянов","Ислам","Русланович","м","03.09.2013","нет",6,6,21,100,"участник",null,"Белых Анастасия Андреевна","МБОУ \"Многопрофильный лицей №187\"","История"]
[198868,"601187_17589640835_20","МБОУ \"Многопрофильный лицей №187\"",17589640835,"Фадеев","Иван","Михайлович","м","12.03.2013","нет",6,6,16,100,"участник",null,"Газизов Альберт Фаилович","МБОУ \"Многопрофильный лицей №187\"","История"]
[198869,"601187_16568505703_20","МБОУ \"Многопрофильный лицей №187\"",16568505703,"Хайруллин","Карим","Айтуганович","м","27.04.2011","нет",8,8,20,100,"участник",null,"Квитко Мария Владимировна","МБОУ \"Многопрофильный лицей №187\"","История"]
[198870,"601187_17358189303_20","МБОУ \"Многопрофильный лицей №187\"",17358189303,"Муглиев","Нурислам","Булатович","м","12.10.2010","нет",9,9,11,100,"участник",null,"Квитко Мария Владимировна","МБОУ \"Многопрофильный лицей №187\"","История"]
[198871,"601187_15847250389_20","МБОУ \"Многопрофильный лицей №187\"",15847250389,"Халимова","Мадина","Ильдаровна","ж","23.10.2010","нет",9,9,35,100,"участник",null,"Квитко Мария Владимировна","МБОУ \"Многопрофильный лицей №187\"","История"]
[198872,"601187_16017356541_20","МБОУ \"Многопрофильный лицей №187\"",16017356541,"Саттаров","Амир","Артурович","м","01.12.2009","нет",9,9,24,100,"участник",null,"Квитко Мария Владимировна","МБОУ \"Многопрофильный лицей №187\"","История"]
[198873,"601187_15870338790_20","МБОУ \"Многопрофильный лицей №187\"",15870338790,"Тазиева","Иделия","Рустамовна","ж","30.03.2010","нет",9,9,5,100,"участник",null,"Квитко Мария Владимировна","МБОУ \"Многопрофильный лицей №187\"","История"]
[198874,"601187_16354239163_20","МБОУ \"Многопрофильный лицей №187\"",16354239163,"Зиганшин","Марат","Ильшатович","м","10.09.2010","нет",9,9,52,100,"призер",null,"Файзуллина Альбина Маликовна","МБОУ \"Многопрофильный лицей №187\"","История"]
[198875,"601187_18529145595_20","МБОУ \"Многопрофильный лицей №187\"",18529145595,"Садыков","Тимур","Искандерович","м","26.09.2014","нет",5,5,23,100,"участник",null,"Белых Анастасия Андреевна","МБОУ \"Многопрофильный лицей №187\"","История"]
[198876,"601187_17767242815_20","МБОУ \"Многопрофильный лицей №187\"",17767242815,"Кузъяхмедова","Аделина","Тимуровна","ж","25.04.2009","нет",10,10,9,100,"участник",null,"Файзуллина Альбина Маликовна","МБОУ \"Многопрофильный лицей №187\"","История"]
[198877,"601187_19011379749_20","МБОУ \"Многопрофильный лицей №187\"",19011379749,"Королёва","Полина","Витальевна","ж","14.03.2009","нет",10,10,9,100,"участник",null,"Файзуллина Альбина Маликовна","МБОУ \"Многопрофильный лицей №187\"","История"]
[198878,"601187_15471849792_20","МБОУ \"Многопрофильный лицей №187\"",15471849792,"Шайхетдинова","Зухра","Линаровна","ж","08.01.2009","нет",10,10,8,100,"участник",null,"Файзуллина Альбина Маликовна","МБОУ \"Многопрофильный лицей №187\"","История"]
[198879,"601187_17045262548_20","МБОУ \"Многопрофильный лицей №187\"",17045262548,"Шубин","Данил","Сергеевич","м","16.06.2008","нет",11,11,30,100,"участник",null,"Файзуллина Альбина Маликовна","МБОУ \"Многопрофильный лицей №187\"","История"]
[198880,"601187_19261198486_20","МБОУ \"Многопрофильный лицей №187\"",19261198486,"Клеблеева","Амалия","Альбертовна","ж","10.10.2008","нет",10,10,7,100,"участник",null,"Файзуллина Альбина Маликовна","МБОУ \"Многопрофильный лицей №187\"","История"]
[198881,"601187_17831060667_20","МБОУ \"Многопрофильный лицей №187\"",17831060667,"Мифтахутдинова","Ралия","Салаватовна","ж","10.09.2013","нет",6,6,74,100,"победитель",null,"Файзуллина Альбина Маликовна","МБОУ \"Многопрофильный лицей №187\"","История"]
[198882,"601187_15995681544_20","МБОУ \"Многопрофильный лицей №187\"",15995681544,"Сайфутдинов","Булат","Рамилевич","м","05.08.2009","нет",10,10,35,100,"участник",null,"Файзуллина Альбина Маликовна","МБОУ \"Многопрофильный лицей №187\"","История"]